Statystyki dla Premier League 21/22

Kliknij tutaj aby rozwiązać quiz!

Ogólne statystyki

  • Ten quiz został rozwiązany 174 razy
  • Średni wynik to 16 z 20

Statystyki odpowiedzi

Klub% Poprawnych
Manchester City
99%
Manchester United
98%
Liverpool
97%
Arsenal
96%
Chelsea
95%
Tottenham
92%
West Ham
81%
Everton
80%
Newcastle
79%
Leicester
78%
Brighton
77%
Aston Villa
76%
Norwich
76%
Crystal Palace
75%
Leeds
75%
Burnley
72%
Southampton
72%
Wolves
71%
Brentford
67%
Watford
66%

Rozkład punktacji

Percentyl według liczby udzielonych odpowiedzi

Procent ludzi z każdym wynikiem

Twoja historia wyników

Nie rozwiązałeś tego quizu